000 01914nam a2200337 i 4500
003 DO-SdBNP
005 20260305073952.0
006 a||||gr|||| 00| 0
007 ta
008 240725e2024 dr ac||| |||| 00| e spa d
020 _a9789945904819
040 _aDO-SdBNP
_bspa
_cBNPHU
_erda
082 4 _222
_bD238t
100 1 _aEstrella, Manuel
_975738
_eautor
245 1 0 _aTres discursos académicos de los señores Ing. Manuel Estrella, Dr. Frank Moya Pons y Dr. Andrés Dauhjre, hijo pronunciado en la ceremonia de puesta en circulación de o obra economía política y política económica desde las gradas del Dr. Andrés Dauhajre, hijo /
_cManuel Estrella, Frank Moya Pons, Andrés Dauhjre.
264 1 _aSanto Domingo :
_bEdiciones del Caribe,
_c2024
300 _a56 páginas :
_bilustraciones, retratos ;
_c23 cm.
336 _2rdacontent
_atexto
_btxt
337 _2rdamedia
_asin mediación
_bn
338 _2rdacarrier
_avolumen
_bnc
505 _aPresentación
_tDiscurso de presetación del Dr. Andrés Dauhjre, hijo /
_rIng. Manuel Estrella.--
_tDiscurso de presetación del libro "Política económica y economía política desde las gradas" /
_rDr. Frank Moya Pons.--
_tDiscurso del Dr. Andrés Dauhajre, hijo.--
_tFotografías del acto de puesta en circulación.
590 _aInventariado 2024 / MF
600 4 _aEstrella, Manuel,
_975738
_tTres discursos académicos.
_xDiscursos, ensayos, conferencias, etc
600 1 0 _aMoya Pons, Frank,
_d1944-
_xDiscursos, ensayos, conferencias, etc.
_92095
600 1 0 _aMoya Pons, Frank,
_d1944-
_xDiscursos, ensayos, conferencias, etc.
_92095
650 4 _aDiscursos
_zRepública Dominicana
_930526
700 1 _aEstrella, Manuel
_eautor
_975738
_tTres discursos académicos.
700 1 _aMoya Pons, Frank,
_d1944-
_eautor
_tTres discursos académicos.
_92095
700 1 _aDauhajre, Andrés
_eautor
_q(hjo)
_tTres discursos académicos.
_986162
942 _2ddc
_cLBS1
999 _c57353
_d57353